| 000 | 00793 a2200217 4500 | ||
|---|---|---|---|
| 999 |
_c10170 _d10170 |
||
| 020 | _a9781779211231 | ||
| 050 | _aSD565 CHI 2021 | ||
| 100 |
_aChidoko, Clainos _eauthor |
||
| 245 |
_aForestry and fruit micro-economy of Ngaone community of Chipinge in Zimbabwe : _ba livelyhood study / _cClainos Chidoko and Ettie Rangwana Chidoko |
||
| 264 |
_aBulawayo : _bProgressive Publishers, _c2021 |
||
| 300 |
_axvi, 128pages _billustrations |
||
| 500 | _aIncludes bibliographical references | ||
| 650 | _aSustainable forestry | ||
| 650 | _aForest management | ||
| 650 | _aForest policy | ||
| 650 | _aRural livelihoods | ||
| 650 |
_aForests and forestry _xEconomic aspects |
||
| 650 |
_aInvestments _xRural Zimbabwe |
||
| 700 |
_aChidoko, Rangwana Ettie _eauthor |
||
| 942 |
_2lcc _cBK _h565 _iCHI _kSD |
||